|
|
|
|
| LEADER |
00000nab a2200000 a 4500 |
| 001 |
vtls010256812 |
| 003 |
SK-MaSNL |
| 005 |
20260318140115.0 |
| 008 |
11030209c2008 xo o |||||||||||||||b|en |
| 015 |
|
|
|a SNBRB2008/07
|
| 035 |
|
|
|a SVKKK000090336
|
| 038 |
|
|
|a SVKKK
|
| 040 |
|
|
|a SVKKK
|b slo
|c SVKKK
|e AACR2
|
| 041 |
0 |
|
|a eng
|b eng
|
| 044 |
|
|
|a xo
|c SK
|
| 080 |
|
|
|a 551.243.1(72)
|2 1997
|
| 080 |
|
|
|a 624.131.54
|2 1997
|
| 080 |
|
|
|a 550.837.7
|2 1997
|
| 100 |
1 |
|
|a Avila-Olivera, Jorge A.
|4 aut
|9 1102928
|
| 245 |
1 |
0 |
|a A GPR study of subsidence-creep-fault processes in Morelia, Michoacán, Mexico
|c Jorge A. Avila-Olivera, Victor H. Garduńo-Monroy
|
| 300 |
|
|
|b Obr., tab.
|
| 504 |
|
|
|a Bibliogr. odkazy
|
| 546 |
|
|
|a Res. angl.
|
| 650 |
0 |
7 |
|a deformácie zemského povrchu
|2 snkbucl
|9 1102929
|
| 650 |
0 |
7 |
|a Zlomy
|2 snkbucl
|9 1102930
|
| 650 |
0 |
7 |
|a geologické radary
|2 snkbucl
|9 1102931
|
| 651 |
|
7 |
|a Morelia (Mexico)
|2 snkbucl
|9 1102932
|
| 700 |
1 |
|
|a Garduńo-Monroy, Victor H.
|4 aut
|9 1102933
|
| 773 |
0 |
|
|t Engineering geology
|g Roč. 99, č. 1-2 (jún 2008), s. 69-81
|x 0013-7952
|
| 852 |
|
|
|a SVKKK
|b BIB
|
| 958 |
|
|
|a NB
|
| 958 |
|
|
|a MX
|
| 999 |
|
|
|c 1812903
|d 1814833
|